1470 1764 1242 1993 1033 1301 1617 1558 1302 1684 1874 1521 1906 1758 1938 1368 1348 1242 1264 1056 1543 1744 1835 1733 1802 1035 1740 1662 1164 1522 1944 1511 1020 1883 1989 1583 1297 1691 1629 1269 1840 1106 1862 1224 1188 1127 1635 1424 1391 1941 1247 1911 1851 1677 1024 1911 1250 1444 1786 1137 1414 1106 1904 1705 1839 1674 1169 1630 1185 1500 1252 1074 1427 1615 1186 1186 1017 1649 1824 1215 2000 1749 1475 1189 1686 1871 1100 1441 1462 1740 1809 1248 1219 1748 1250 1706 1854 1418 1833 BCNSPRNW ULIB Ver.6.0+V

เปลี่ยนเป็นภาษาไทย

Change to English
 แสดงรายละเอียดบรรณานุกรม
  กลับหน้าหลัก

Brief Record : Get Marc (ISO 2709) : E-mail record : QR code < ปิดหน้าต่าง
LEADER : 00000nam 2200000uu 4500
001    13399107957
003     ULIB
008    110211s2550||||th 000 0 tha d
020    9789740456124
060 04 WA590^bร661ก 2550
100 0  รุจิรา ดวงสงค์
245 10 การจัดการทางสุขศึกษาและการส่งเสริมสุขภาพ =^bHealtheducation and health promotion management /^cรุจิรา ดวงสงค์
246 31 Health education and health promotion
250    พิมพ์ครั้งที่ 1
260    ขอนแก่น :^bภาควิชาสุขศึกษา คณะสาธารณสุขศาสตร์มหาวิทยาลัยขอนแก่น,^c2550
300    319 หน้า :^bภาพประกอบ ;^c29 ซม.
650  7 สุขศึกษา
650  7 การส่งเสริมสุขภาพ
650  7 สาธารณสุข
710 2  มหาวิทยาลัยขอนแก่น. ^bคณะสาธารณสุขศาสตร์.^bภาควิชาสุขศึกษา
945    ^p300^l0^i028292
995    ทศพร
999 ^a ใช้งานได้ทุกระบบ
รายการนี้ยังไม่มีแท็ก
คุณยังไม่ได้ล็อกอิน คุณสามารถมีกิจกรรมร่วมกับเว็บไซต์ได้ แต่ต้องล็อกอินก่อน ::
  ล็อกอิน

รายการสื่อสารสนเทศ

ลำดับที่ ประเภท เลขเรียก/บาร์โค้ด สถานที่ สถานะ
- ไม่พบข้อมูล -

รายการใกล้เคียง
    หัวเรื่อง [สุขศึกษา]
    หัวเรื่อง [การส่งเสริมสุขภาพ]
    หัวเรื่อง [สาธารณสุข]

BibComment


ยังไม่เคยถูกคอมเมนท์

คอมเมนท์ทรัพยากรรายการนี้
  คอมเมนท์: การจัดการทางสุขศึ..


 Copyright 2026. Bcnsprnw @Library